Desať dní na Festivale fotografie Zväzu čínskych fotografov

Bibliographic Details
Main Author: Pauer, Marián, 1945- (Author)
Format: Article
Language:Slovak
PhysicalDescription:Fotogr.
ISSN:1336-5754
Subjects:

MARC

LEADER 00000nab a2200000 ar4500
001 vtls009298014
003 SK-MaSNL
005 20260304040654.0
008 080528c2008 xo |||||||||||000 b|slo
015 |a SNBRB2008/05  |2 snkbucl 
038 |a SNKBUCL 
040 |a SNKBUCL  |b slo  |c SNKBUCL  |e AACR2 
041 0 |a slo 
044 |a xo  |c SK 
080 |a 77.092  |x (510)  |2 2001 
100 1 |a Pauer, Marián,  |d 1945-  |4 aut  |9 92776 
245 1 0 |a Desať dní na Festivale fotografie Zväzu čínskych fotografov  |c Marián Pauer 
300 |b Fotogr. 
650 0 7 |a fotografické festivaly  |2 snkbucl  |9 114415 
651 7 |a Čína  |2 snkbucl  |9 21369 
773 0 |t DiGi revue  |g Roč. 4, č. 4 (2008), s. 52-53  |x 1336-5754 
852 |a SNK  |b KIS3GCP 
958 |a CN 
999 |c 2664396  |d 2666326